Genetics Of Bacteria And Their Viruses (Record no. 80343)

MARC details
000 -LEADER
fixed length control field 00325pam a2200145 a 4500
020 ## - INTERNATIONAL STANDARD BOOK NUMBER
Terms of availability
041 ## - LANGUAGE CODE
Language code of text/sound track or separate title eng
082 ## - DEWEY DECIMAL CLASSIFICATION NUMBER
Classification number 576.6482
Item number HAY
100 ## - MAIN ENTRY--PERSONAL NAME
Personal name Hayes W.,.
245 ## - TITLE STATEMENT
Title Genetics Of Bacteria And Their Viruses
Medium Textual Documents
250 ## - EDITION STATEMENT
Edition statement 1984.
260 ## - PUBLICATION, DISTRIBUTION, ETC.
Place of publication, distribution, etc. New Delhi:
Name of publisher, distributor, etc. CBS Pub.
300 ## - PHYSICAL DESCRIPTION
Extent 925p.
930 ## - EQUIVALENCE OR CROSS-REFERENCE-UNIFORM TITLE HEADING [LOCAL, CANADA]
Uniform title 3423
Holdings
Withdrawn status Lost status Damaged status Not for loan Collection Home library Current library Date acquired Source of acquisition Cost, normal purchase price Total Checkouts Full call number Barcode Date last seen Copy number Price effective from Koha item type
          Yashwantrao Mohite College of Arts, Science And Commerce, Pune Yashwantrao Mohite College of Arts, Science And Commerce, Pune 01/04/2021 S K Kothari 120.00   576.6482 HAY YMP-12923 24/02/2023 3 24/02/2023 Book
          Yashwantrao Mohite College of Arts, Science And Commerce, Pune Yashwantrao Mohite College of Arts, Science And Commerce, Pune 01/04/2021 S K Kothari 120.00   576.6482 HAY YMP-12922 24/02/2023 2 24/02/2023 Book
          Yashwantrao Mohite College of Arts, Science And Commerce, Pune Yashwantrao Mohite College of Arts, Science And Commerce, Pune 01/04/2021 S K Kothari 120.00   576.6482 HAY YMP-12921 24/02/2023 1 24/02/2023 Book